| 000 | 00459nam a22001697a 4500 | ||
|---|---|---|---|
| 008 | 180502b xxu||||| |||| 00| | tur d | ||
| 041 | _atur | ||
| 050 | _aPL243.A4739 | ||
| 100 |
_91119 _aTomris Alpay |
||
| 245 | _a Gençlikte Yeşeren Umut : Gazete Yazıları | ||
| 250 | _a1.Baskı | ||
| 260 |
_aİstanbul _bYapı Kredi Yayınları _cTemmuz 1997 |
||
| 300 | _a135 Sayfa | ||
| 500 | _aEdebiyat - 206 | ||
| 650 | 0 |
_9145 _aTürk Edebiyatı |
|
| 942 |
_2lcc _cBK |
||
| 999 |
_c2148 _d2109 |
||